MMA record of Daniel Cormier - Statistics

General Stats
  • This quiz has been taken 16 times
  • The average score is 12 of 26
Answer Stats
Event Opponent Result % Correct
UFC 182 Jon Jones Loss
100%
UFC 214 Jon Jones No Contest
100%
UFC 226 Stipe Miocic Win
94%
UFC 241 Stipe Miocic Loss
94%
UFC 252 Stipe Miocic Loss
94%
UFC 192 Alexander Gustafsson Win
81%
UFC 230 Derrick Lewis Win
81%
UFC 200 Anderson Silva Win
75%
UFC 187 Anthony Johnson Win
75%
UFC 210 Anthony Johnson Win
75%
Strikeforce: Barnett vs. Kharitonov Antônio Silva Win
63%
KOTC: Imminent Danger Tony Johnson Win
63%
UFC 220 Volkan Oezdemir Win
50%
UFC 173 Dan Henderson Win
44%
UFC on Fox: Henderson vs. Melendez Frank Mir Win
38%
Strikeforce: ******* vs. Cormier Josh Barnett Win
38%
UFC 170 Patrick Cummins Win
38%
UFC 166 Roy Nelson Win
19%
Strikeforce: Marquardt vs. Saffiedine Dion Staring Win
6%
XMMA 2 Lucas Browne Win
6%
XMMA 3 Soa Palelei Win
6%
Strikeforce Challengers: Woodley vs. Saffiedine Devin Cole Win
0%
Strikeforce Challengers: Kennedy vs. Cummings Gary Frazier Win
0%
Strikeforce: Houston Jason Riley Win
0%
Strikeforce: Overeem vs. Werdum Jeff Monson Win
0%
Strikeforce Challengers: Johnson vs. Mahe John Devine Win
0%
No matching quizzes found
Score Distribution
Percent of People with Each Score
Percentile by Number Answered
Your Score History
You have not taken this quiz